God of Time - Statistics

General Stats
  • This quiz has been taken 19 times
  • The average score is 9 of 12
Answer Stats
Question Answer % Correct
How old was Queen Elizabeth II (current Queen of UK) when Hitler killed himself? 19
93%
Quick Maths. Usain Bolt's top speed was measured at 44.7 km/h If he ran at that speed from Rome to Munich (914 km) how long would it take? 20 hours
93%
What's the average age of the leaders of Germany, UK & France in 2020 54
93%
If you would fire an AK-47 at the Moon and gravity or air wouldn't exist. How long would the bullet take to get there? 150 hours
79%
How cool is Obama on a scale from 1-10 10
71%
the Sun is big. But how long does it take to make a full orbit around the center of the galaxy? 225 million years
71%
Mozart's 5th Symphony takes about 30 minutes when performed by an orchestra of 80 musicians. How long will it take to perform the piece if half the musicians are sick that day? 30 minutes
71%
How long have trees existed for? 385 million years
71%
if you were in central Europe and Mount Everest would explode, how long would it take until you would hear the explosion? 5 hours
71%
the moon is big. But how long does it take to make a full orbit around earth? 1 month
64%
China is big. What's the maximum Time difference between the easternmost and westernmost location in China in terms of Timezones? 0
50%
Russia is big. What's the maximum Time difference between the easternmost and westernmost location in Russia in terms of Timezones? 10 hours
50%
No matching quizzes found
Score Distribution
Percent of People with Each Score
Percentile by Number Answered
Your Score History
You have not taken this quiz